Địa lí 11
Salvato in:
| Autore principale: | |
|---|---|
| Altri autori: | |
| Natura: | Libro |
| Lingua: | Undetermined |
| Pubblicazione: |
H.
Giáo dục
2010
|
| Soggetti: | |
| Accesso online: | http://lrc.tdmu.edu.vn/opac/search/detail.asp?aID=2&ID=6540 |
| Tags: |
Aggiungi Tag
Nessun Tag, puoi essere il primo ad aggiungerne! !
|
| Thư viện lưu trữ: | Trung tâm Học liệu Trường Đại học Thủ Dầu Một |
|---|
| LEADER | 00591nam a2200205Ia 4500 | ||
|---|---|---|---|
| 001 | TDMU_6540 | ||
| 008 | 210410s9999 xx 000 0 und d | ||
| 082 | |a 910.71 | ||
| 090 | |b L250 | ||
| 100 | |a Lê, Thông | ||
| 245 | 0 | |a Địa lí 11 | |
| 245 | 0 | |c Lê Thông | |
| 260 | |a H. | ||
| 260 | |b Giáo dục | ||
| 260 | |c 2010 | ||
| 300 | |a 116tr. | ||
| 650 | |a Sách lớp 11; Địa lí | ||
| 700 | |a Nguyễn, Thị Minh Phương | ||
| 856 | |u http://lrc.tdmu.edu.vn/opac/search/detail.asp?aID=2&ID=6540 | ||
| 980 | |a Trung tâm Học liệu Trường Đại học Thủ Dầu Một | ||